• 首页
  • 本馆介绍
  • 公告通知
  • 最新文献
  • 馆藏检索
  • 电子资源
  • 读者导购
  • 参考咨询
  • 我的图书馆
  • 登录
  • 详细信息显示
  • 放入我的书架
  • 预约/预借图书
  • 作者相关作品
  • 分类相关作品
  • 丛书相关作品
  • 出版社相关作品

书目信息

  • 表格格式
  • 工作单格式
  • 卡片格式
题名:
鬼子进村
    
 
作者: 丁晓山 著
分册:  
出版信息: 济南   山东画报出版社  2011.9
页数: 361页
开本: 23cm
丛书名:
单 册:
中图分类: I25 , K265.1
科图分类:
主题词: 报告文学--中国--当代 , 抗日战争--反扫荡--冀中地区--史料
电子资源:
ISBN: 978-7-5474-0454-6
000 00874nam0 2200265 45
001 512
005 20120601102642.62
010    @a978-7-5474-0454-6@dCNY42.00
100    @a20120328d2011 em y0chiy50 ea
101 0  @achi
102    @aCN@b370000
105    @ay z 000yy
106    @ar
200 1  @a鬼子进村@AGui Zi Jin Cun@e1942年“五一大扫荡”纪实@E1942 Nian“ Wu Yi Da Sao Dang” Ji Shi@f丁晓山著@FDing Xiao Shan Zhu
210    @a济南@c山东画报出版社@d2011.9
215    @a361页@c图@d23cm
330    @a本书全景式展现八年中最残酷的日军大“扫荡”。
517 1  @a1942年“五一大扫荡”纪实@A1942 Nian“ Wu Yi Da Sao Dang” Ji Shi
606 0  @a报告文学@y中国@z当代
606 0  @a抗日战争@x反扫荡@y冀中地区@x史料
690    @aI25@v4
690    @aK265.1@v4
701  0 @a丁晓山@ADing Xiao Shan@4著
801  0 @aCN@bTSTCL@c20120328
905    @b0812270-74@dI25@e805@f5
    
    鬼子进村:1942年“五一大扫荡”纪实/丁晓山著.-济南:山东画报出版社,2011.9
    361页:图;23cm
    
    
    ISBN 978-7-5474-0454-6:CNY42.00
    本书全景式展现八年中最残酷的日军大“扫荡”。
●
相关链接 在E读中查询图书 在五车中查询图书 在当当中查询图书 在豆瓣中查询图书


正题名:鬼子进村     索取号:I25/805         预约/预借

序号 登录号 条形码 馆藏地/架位号 状态 备注
1 0812270   208122707   第一样本阅览室/ [索取号:I25/805] 在馆    
2 0812271   208122716   第二借阅区/ [索取号:I25/805] 在馆    
3 0812272   208122725   第二借阅区/ [索取号:I25/805] 在馆    
4 0812273   208122734   第二借阅区/ [索取号:I25/805] 在馆    
5 0812274   208122743   第二借阅区/ [索取号:I25/805] 在馆    
唐山师范学院图书馆 欢迎您!
大连网信软件有限公司© 版权所有